История на българите (Запис номер 105833)
[ съкратено ]
| 000 -Лидер | |
|---|---|
| Контролно поле с фиксирана дължина | 02320nam a2200433 a 4500 |
| 003 - Код на организацията, давaща контролен номер | |
| Контролно поле | BLK |
| 005 - Дата и час на последна редакция | |
| Контролно поле | 20250225142202.0 |
| 008 - Елементи от данни с фиксирана дължина | |
| fixed length control field | 180409b bul|||||r ||||||| ||bul|| |
| 010 ## - Наследен системен номер | |
| LC control number | KNG00111071000 |
| 020 ## - Международен стандартен номер на книга ISBN | |
| Международен стандартен номер на книга ISBN | 954-621-213-Х |
| 020 ## - Международен стандартен номер на книга ISBN | |
| Международен стандартен номер на книга ISBN | 954-528-405-6 |
| 040 ## - Източник на каталожния запис | |
| Идентификатор на билиотеката - собственик на записа | BLK |
| 041 ## - Код за език | |
| Код за езика на текст/звукозапис или на отделно заглавие | Български |
| Код за езика КДБФ | Български |
| 080 ## - УДК | |
| Текстов определител УДК | История на България |
| УДК код - определител по УДК | 94(497.2) |
| УДК - код + определител | 94(497.2) |
| 080 ## - УДК | |
| Текстов определител УДК | Международни политически отношения. Световна политика. Международна политика. Дипломация |
| УДК код - определител по УДК | 327 |
| УДК определител | (497.2)(091) |
| УДК - код + определител | 327(497.2)(091) |
| 139 ## - Редно поле | |
| Редна дума | История на българите |
| Авторски знак | Истор - И 95 |
| 245 10 - Сведения за заглавието | |
| Заглавие | История на българите |
| Подзаглавни данни | В 8 т. : Т. 1 - |
| Редно поле (дума) | ред. Григор Петров Велев; авт. на том Емил Ангелов Александров. |
| Том | Т. 4 |
| Заглавие на том | Българската дипломация от древността до наши дни |
| 257 ## - Страна на издаване | |
| Страна на създаване/издаване | България |
| 260 ## - Област на издателските данни | |
| Година на издаване | 2003 - |
| Печатница | София : ПК Д. Благоев |
| 9 (RLIN) | 440071 |
| Място на издаване, разпространение и проч. | 120000687582 |
| Име на издателя, разпространителя и проч. | Знание ЕООД |
| 300 ## - Физическа характеристика | |
| Размери/Мащаб | 29 см |
| 380 ## - Жанр | |
| Жанр | История |
| 500 ## - Общи забележки | |
| Забележка | Изд. на Научен център за бълг. нац. стратегия. - Офс. изд. |
| 504 ## - Забележка за наличие на библиография и др | |
| Забележка за наличие на библиография и под. | след отд. матер |
| 650 #0 - Допълнително описание по предмет – тема | |
| Основно описание – тема или топоним | България - история |
| 9 (RLIN) | 244493 |
| 650 #4 - Допълнително описание по предмет – тема | |
| Основно описание – тема или топоним | Дипломация - България - история |
| 9 (RLIN) | 246750 |
| 653 ## - Ключова дума – ненормативна | |
| Ключова дума | история |
| 653 ## - Ключова дума – ненормативна | |
| Ключова дума | дипломация |
| 653 ## - Ключова дума – ненормативна | |
| Ключова дума | България |
| 700 ## - Други автори (авторска отговорност) | |
| Лично име | Велев, Григор Петров |
| Дати, свързани с автора | 1935-2020 |
| 9 (RLIN) | 375865 |
| 700 1# - Други автори (авторска отговорност) | |
| Лично име | Александров, Емил Ангелов |
| Автороска отговорност (Описва отношението между автора и произведението) | авт. на том |
| 9 (RLIN) | 375261 |
| 760 1# - Описание на основната серия | |
| Място на издаване, издател и година | Знание, Труд, 2003 |
| Страници - том | 696 с. : с ил. |
| Забележка - том | 300 тир. - Съдържа и за авт. ; Международни договори ; Видни български дипломати. - Библиогр. след отд. материали. - Геогр. показалец, Именен показалец. |
| Заглавие | Т. 4 Българската дипломация от древността до наши дни |
| 852 ## - Местоположение | |
| Форматна сигнатура | Цб ІІ 11973 |
| 856 4# - Електронен адрес и достъп | |
| Електронен формат | pdf - файл |
| 856 4# - Електронен адрес и достъп | |
| Електронен формат | pdf - файл |
| 999 ## - СИСТЕМНИ КОНТРОЛНИ НОМЕРА | |
| Koha biblionumber | 105833 |
| Koha biblioitemnumber | 105833 |
| 942 ## - АРТИКУЛИ | |
| Вид на библиотечния материал | Книги |
| Скрит в OPAC | Не |
| Периодичен библиозапис | Да |
| 944 ## - СЪЗДАВАНЕ И РЕДАКЦИЯ на ЗАПИСА | |
| Създаване/Редакция | Създаване |
| Дата на регистрацията/редакция | 16.02.2004 |
| Служител, извършил регистрацията/редакцията | 30529 |
| Статус, дата на статуса | Диана Гривева |
| 944 ## - СЪЗДАВАНЕ И РЕДАКЦИЯ на ЗАПИСА | |
| Създаване/Редакция | Редакция |
| Дата на регистрацията/редакция | 09.10.2007 |
| 999 ## - СИСТЕМНИ КОНТРОЛНИ НОМЕРА | |
| Koha biblioitemnumber | 105833 |
| Код за отписване | Код за изгубен артикул | Източник на класификационната схема | Код за повреда | Коз за рестрикции | Код за отдаване | Артикулен № | Име на библиотеката - собственик | Име на библиотеката, в която се намира в момента | Статус (Текущо местоположение) | Дата на вписване в системата | Местоположение - отдел | Цена в лева | Инвентарен номер | Систематично азбучна сигнатура | Баркод | Номер на екземпляра | Цена в евро | Служебна бележка | Служебен тип на артикула |
|---|---|---|---|---|---|---|---|---|---|---|---|---|---|---|---|---|---|---|---|
| Не е изгубен | Universal Decimal Classification | Не е повреден | без рестрикции | ползва се в читалня | 170803 | Регионална библиотека "Любен Каравелов" Русе | Регионална библиотека "Любен Каравелов" Русе | Читалня | 2004-02-16 | Читалня | 49.99 | 120000682739 | Ч 94(497.2)/И 95 | 120000682739 | 1 | 25.56 | Дост: Pk Вид: Ф N: 8861 Дата: 11.02.2004 Дата инв: 30.03.2017 Бележки инв: Ч2017 | Книги | |
| Не е изгубен | Universal Decimal Classification | Не е повреден | без рестрикции | заемане за дома | 170804 | Регионална библиотека "Любен Каравелов" Русе | Регионална библиотека "Любен Каравелов" Русе | Заемна - подръчен фонд | 2004-09-20 | Заемна - подръчен фонд | 49.99 | 120000688591 | П 94(497.2)/И 95 | 120000688591 | 2 | 25.56 | Дост: Pk Вид: Ф N: 8888 Дата: 08.09.2004 Дата инв: 15.02.2018 Бележки инв: П2018 | Книги | |
| Не е изгубен | Universal Decimal Classification | Не е повреден | само за читалня | ползва се в читалня | 170805 | Регионална библиотека "Любен Каравелов" Русе | Регионална библиотека "Любен Каравелов" Русе | Хранилище | 2005-04-08 | Хранилище | 49.99 | 120000693105 | Цб ІІ 11973 | 120000693105 | 3 | 25.56 | Дост: Dp Вид: Д N: 23 Дата: 27.05.2004 | Книги | |
| Не е изгубен | Universal Decimal Classification | Не е повреден | без рестрикции | заемане за дома | 170806 | Регионална библиотека "Любен Каравелов" Русе | Регионална библиотека "Любен Каравелов" Русе | Дубликат | 2007-10-04 | Заемна - подръчен фонд | 49.99 | 120000717447 | П 94(497.2)/И 95 | 120000717447 | 4 | 25.56 | Дост: Pk Вид: Ф N: 9213 Дата: 01.10.2007 Дата инв: 15.02.2018 Бележки инв: П2018 | Книги |